Cena profesora Jozefa Lacka 2015/2016 súťaž o najlepšiu diplomovú prácu absolventov architektonických škôl na Slovensku : 26. ročník

Bibliographic Details
Main Authors: Oravcová, Eva (Author), Viskupičová, Katarína, 1961- (Author), Kukuľa, Ján (Author), Teplan, Igor, 1966- (Author)
Corporate Author: Cena profesora Jozefa Lacka (ocenenie) Bratislava, Slovensko)
Format: Conference Proceeding Book
Language:Slovak
PhysicalDescription:19 s. fotogr., projekty 30 cm
Published: Bratislava Vydavateľstvo Spolku architektov Slovenska 2016
ISBN:9788088757962 (brož.)
Subjects:

MARC

LEADER 00000nam a2200000 a 4500
001 vtls011615624
003 SK-MaSNL
005 20260425233344.0
008 180122s2016 xo ol g c 000 0 slo
015 |a SNBE2018 
020 |a 9788088757962 (brož.) 
040 |a SNK  |b slo  |c SNK  |e AACR2 
041 0 |a slo 
043 |a e-xo--- 
044 |a xo  |c SK 
072 7 |a 72  |x Architektúra  |2 konspekt 
080 |a 72.092  |2 2011 
080 |a 378  |2 2011 
080 |a 378-057.8  |2 2011 
080 |a 72.012.1  |2 2011 
080 |a 72.036/.038  |2 2011 
080 |a (437.611)  |2 2011 
080 |a (083.82)  |2 2011 
080 |a 72  |2 2011 
080 |a 378.2  |2 2011 
111 2 |a Cena profesora Jozefa Lacka (ocenenie)  |n (26. :  |d 2015/2016 :  |c Bratislava, Slovensko)  |9 493036 
245 1 0 |a Cena profesora Jozefa Lacka 2015/2016  |b súťaž o najlepšiu diplomovú prácu absolventov architektonických škôl na Slovensku : 26. ročník  |c [texty: Eva Oravcová ... [et al.]] 
260 |a Bratislava  |b Vydavateľstvo Spolku architektov Slovenska  |c 2016 
300 |a 19 s.  |b fotogr., projekty  |c 30 cm 
500 |a Výstava ocenených prác 20.10.-4.11.2016, Galéria architektúry SAS Bratislava 
648 7 |a 2015-2016  |2 SNKPH  |9 340318 
650 0 7 |a architektonické súťaže  |2 SNKPH  |9 31820 
650 0 7 |a vysoké školy  |2 SNKPH  |9 1277 
650 0 7 |a absolventi vysokých škôl  |2 SNKPH  |9 2784 
650 0 7 |a architektonické projekty  |2 SNKPH  |9 2951 
650 0 7 |a moderná architektúra  |2 SNKPH  |9 68287 
650 0 7 |a Architectural competitions  |2 SNKPHeng  |9 325668 
650 0 7 |a Universities and colleges  |2 SNKPHeng  |9 265426 
650 0 7 |a College graduates  |2 SNKPHeng  |9 323302 
650 0 7 |a Architectural projects  |2 SNKPHeng  |9 274864 
650 0 7 |a Modern architecture  |2 SNKPHeng  |9 276030 
650 0 7 |a architektúra  |2 SNKPH  |9 722 
650 0 7 |a diplomové práce  |2 SNKPH  |9 3505 
650 0 7 |a Architecture  |2 SNKPHeng  |9 266226 
650 0 7 |a Master's theses  |2 SNKPHeng  |9 319180 
651 7 |a Bratislava (Slovensko)  |2 SNKPH  |9 14568 
651 7 |a Bratislava (Slovakia)  |2 SNKPHeng  |9 171234 
655 7 |a katalógy  |2 SNKPH  |9 60821 
655 7 |a Catalogs  |2 SNKPHeng  |9 266059 
700 1 |a Oravcová, Eva  |4 aut  |9 9798 
700 1 |a Viskupičová, Katarína,  |d 1961-  |4 aut  |9 238534 
700 1 |a Kukuľa, Ján  |4 aut  |9 358007 
700 1 |a Teplan, Igor,  |d 1966-  |4 aut  |9 238542 
919 |a 978-80-88757-96-2 
999 |c 763538  |d 765468 
952 |a SNK  |b SNK  |y PREZ  |7 0  |p 17A1255818  |o snkOSB 18622  |i snk2017/6005  |8 0  |0 0  |1 0  |4 0  |d 2017-03-03  |l 0  |r 2026-02-24 00:11:28  |w 2026-02-24 
952 |a SNK  |b SNK  |y VYP  |7 0  |p 17A1255819  |o snkOSB 18622 D1  |i snk2017/6006  |8 0  |0 0  |1 0  |4 0  |d 2017-03-03  |l 0  |r 2026-02-24 00:11:28  |w 2026-02-24